000 00952cab a2200265 4500
001 ABS59426
008 090401t1998 xxu||||| |||| 00| 0 eng d
035 _a(Sirsi) u89257
041 _aeng
245 _aWhat`s in store?
260 _c1998
350 _a0
490 _aProperty Week
_v63(24) 9 October 1998, 30-36(6)
520 _aSpecial report on retail warehouses. Articles covering latest affordability forecasts, the main players in out of town retailing, how sequential testing has produced opposite results over the country, and how fashion retailers have taken up the secondary retail warehouse market.
650 _aFORECASTS
650 _aOUT-OF-TOWN RETAILING
650 _aPLANNING POLICY
650 _aRENTAL LEVELS
650 _aRETAIL PARKS
650 _aRETAIL WAREHOUSES
650 _aSEQUENTIAL TESTING
690 _aPROPERTY-COMMERCIAL PROPERTY-COMMERCIAL PROPERTY MARKET
942 _n0
948 _c23/10/1998
999 _c56451
_d56451